000 00535nam a2200181Ia 4500
005 20250508152147.0
008 008 250505s9999 xx 000 0 eng d
037 _aBooks to be hide in OPAC
040 _aFEDL
_beng
_cFEDL
041 _aeng
_2eng
084 _a740.7, FUR/O
_qFEDL
100 _aFurniss Dorothy
_9760918
245 0 _aNew complete drawing course. Vol 2
260 _aLondon, UK
_bGeorge G. Harrap and Company Ltd.
_c1934
300 _a383p.
942 _cHB
_h740.7, FUR/O
999 _c1334665
_d1334665